MARC details
| 000 -CABECERA |
| campo de control de longitud fija |
01205nam a2200301 a 4500 |
| 003 - IDENTIFICADOR DEL NÚMERO DE CONTROL |
| campo de control |
DO-SdBNP |
| 005 - FECHA Y HORA DE LA ÚLTIMA TRANSACCIÓN |
| campo de control |
20240228142134.0 |
| 008 - DATOS DE LONGITUD FIJA--INFORMACIÓN GENERAL |
| campo de control de longitud fija |
220824e2013 dr ao||gr|||| 001 ebspa d |
| 020 ## - NÚMERO INTERNACIONAL ESTÁNDAR DEL LIBRO |
| Número Internacional Estándar del Libro |
9789945447903 |
| 040 ## - FUENTE DE LA CATALOGACIÓN |
| Centro/agencia transcriptor |
DO-SdBNP |
| Centro/agencia modificador |
spa |
| Normas de descripción |
BNPHU |
| Centro catalogador/agencia de origen |
DO-SdBNP |
| 082 #4 - NÚMERO DE LA CLASIFICACIÓN DECIMAL DEWEY |
| Número de edición |
22 |
| Número de documento/Ítem |
A577d |
| 100 1# - ENTRADA PRINCIPAL--NOMBRE DE PERSONA |
| Nombre de persona |
Andújar Persinal, Carlos, |
| Fechas asociadas al nombre |
1956- |
| 9 (RLIN) |
7737 |
| 245 10 - MENCIÓN DE TÍTULO |
| Título |
Diálogos cruzados con la dominicanidad / |
| Mención de responsabilidad, etc. |
Carlos Andújar; Prólogo, Odalis G. Pérez |
| 260 ## - PUBLICACIÓN, DISTRIBUCIÓN, ETC. |
| Lugar de publicación, distribución, etc. |
Santo Domingo : |
| Nombre del editor, distribuidor, etc. |
Universitaria-UASD, |
| Fecha de publicación, distribución, etc. |
2022 |
| 300 ## - DESCRIPCIÓN FÍSICA |
| Extensión |
333 p. : |
| Otras características físicas |
il., ; |
| Dimensiones |
22 cm. |
| 490 ## - MENCIÓN DE SERIE |
| Mención de serie |
Universidad Autónoma de Santo Domingo; |
| Designación de volumen o secuencia |
1570 |
| 490 ## - MENCIÓN DE SERIE |
| Mención de serie |
Estudios Sociales; |
| Designación de volumen o secuencia |
36 |
| 500 ## - NOTA GENERAL |
| Nota general |
Incluye datos biográficos del autor en la solapa de la cubierta. |
| 650 #4 - PUNTO DE ACCESO ADICIONAL DE MATERIA--TÉRMINO DE MATERIA |
| 9 (RLIN) |
14357 |
| Término de materia o nombre geográfico como elemento de entrada |
Antropología Cultural |
| Subdivisión general |
República Dominicana |
| 650 #4 - PUNTO DE ACCESO ADICIONAL DE MATERIA--TÉRMINO DE MATERIA |
| 9 (RLIN) |
18873 |
| Término de materia o nombre geográfico como elemento de entrada |
Folklore |
| Subdivisión geográfica |
República Dominicana |
| 650 #4 - PUNTO DE ACCESO ADICIONAL DE MATERIA--TÉRMINO DE MATERIA |
| 9 (RLIN) |
32997 |
| Término de materia o nombre geográfico como elemento de entrada |
Cultura Popular |
| Subdivisión geográfica |
República Dominicana |
| 650 #4 - PUNTO DE ACCESO ADICIONAL DE MATERIA--TÉRMINO DE MATERIA |
| 9 (RLIN) |
30841 |
| Término de materia o nombre geográfico como elemento de entrada |
Identidad Cultural |
| Subdivisión general |
Ensayos, Conferencias, etc. |
| Subdivisión geográfica |
República Dominicana |
| 700 1# - PUNTO DE ACCESO ADICIONAL--NOMBRE DE PERSONA |
| Nombre de persona |
Pérez, Odallis G. |
| Término indicativo de función/relación |
pról. |
| 9 (RLIN) |
82243 |
| 830 ## - PUNTO DE ACCESO ADICIONAL DE SERIE-TÍTULO UNIFORME |
| Título uniforme |
Universidad Autónoma de Santo Domingo; |
| Lenguaje de la obra |
spa |
| Número de parte o sección de la obra |
1570 |
| 9 (RLIN) |
82244 |
| 830 ## - PUNTO DE ACCESO ADICIONAL DE SERIE-TÍTULO UNIFORME |
| Título uniforme |
Estudios Sociales; |
| Número de parte o sección de la obra |
36 |
| 9 (RLIN) |
82245 |
| 910 ## - DATOS DE OPCIÓN DEL USUARIO (OCLC) |
| Datos de opción del usuario |
MFeliz |
| 942 ## - ELEMENTOS DE PUNTO DE ACCESO ADICIONAL (KOHA) |
| Fuente del sistema de clasificación o colocación |
Dewey Decimal Classification |
| Tipo de ítem Koha |
Libro |